Bandiere dei paesi che iniziano con G - Statistics

Statistiche generali
  • Questo quiz è stato fatto 117 volte
  • Il punteggio medio è 14 su 16
Statistiche sulle risposte
con Immagini Risposta % Corretto
Germania
100%
Giamaica
100%
Giappone
100%
Grecia
100%
Georgia
97%
Ghana
97%
Guatemala
93%
Giordania
91%
Guinea
86%
Guinea-Bissau
82%
Guinea Equatoriale
82%
Gabon
81%
Gambia
80%
Gibuti
80%
Guyana
80%
Grenada
74%
Nessun quiz corrispondente trovato
Distribuzione punteggi
Percentuale di utenti per punteggio
Percentile per numero di risposta
I tuoi punteggi nel tempo
Non hai fatto questo quiz